Wasserball-Weltmeister der Herren - Statistiken

Allgemein
  • Dieses Quiz wurde 250 mal gespielt
    203 seit der letzten Aktualisierung
  • Das Durchschnittsergebnis liegt bei 11 aus 18
Antwortstatistiken
WM Weltmeister % Korrekt
1998 Spanien
80%
2001 Spanien
80%
1978 Italien
77%
1994 Italien
77%
2011 Italien
77%
2019 Italien
77%
1973 Ungarn
63%
2003 Ungarn
63%
2013 Ungarn
63%
2007 Kroatien
59%
2017 Kroatien
59%
2009 Serbien
57%
2015 Serbien
57%
2005 Serbien und Montenegro
57%
1975 Sowjetunion
51%
1982 Sowjetunion
51%
1986 Jugoslawien
46%
1991 Jugoslawien
46%
Keine übereinstimmenden Quizze gefunden
Verteilung der Resultate
Anzahl Personen mit jedem Resultat
Perzentil nach korrekt beantworteten Fragen
Ihre Resultats-Entwicklung
Sie haben dieses Quiz seit der letzten Aktualisierung nicht gespielt